Opus de jeux vidéo #3 - Far Cry - Statistiques

Statistiques générales
  • Ce quiz a été pris 521 fois
    452 depuis la dernière actualisation
  • Le résultat moyen est 8 sur 11
Statistiques - réponses
Année de sortie Plateforme Opus % Correct
2008 PC / Playstation 3 / Xbox 360 Far Cry 2
99%
2012 PC / Playstation 3 / Playstation 4 / Xbox 360 / Xbox One Far Cry 3
99%
2014 PC / Playstation 3 / Playstation 4 / Xbox 360 / Xbox One Far Cry 4
99%
2018 PC / Playstation 4 / Xbox One Far Cry 5
98%
2021 PC / Playstation 4 / Playstation 5 / Xbox One / Xbox Series Far Cry 6
98%
2004 PC / Playstation 3 / Xbox 360 Far Cry
93%
2016 PC / Playstation 4 / Xbox One Far Cry Primal
79%
2019 PC / Playstation 4 / Xbox One Far Cry : New Dawn
54%
2013 PC / Playstation 3 / Xbox 360 Far Cry : Blood Dragon
47%
2005 Xbox / Xbox 360 Far Cry Instincts
11%
2006 Wii Far Cry Vengeance
8%
Aucun quiz correspondant
Distribution des résultats
% des personnes avec chaque résultat
Percentile par nombre de réponses
Votre historique - résultats
Vous n’avez pas pris ce quiz depuis la dernière actualisation